| 000 | 00426nam a2200157Ia 4500 | ||
|---|---|---|---|
| 005 | 20240604022240.0 | ||
| 008 | 240331s9999 xx 000 0 und d | ||
| 020 | _a0805505x | ||
| 082 |
_bBUK _a342 |
||
| 100 | _aBukurura, Hemed Sufian | ||
| 245 | 0 | _aJudiciary and good governance in contemporary Tanzania | |
| 260 |
_a Norway _bChr. Michelsen Institute _c1995 |
||
| 300 | _av, 70 p., | ||
| 650 | _aSocial Science | ||
| 942 | _cL | ||
| 999 |
_c2827 _d2827 |
||